Tìm hiểu trẻ em Tập 4

Phương pháp chăm dạy những trẻ em không may: mù, câm điếc và khuyết tật ngôn ngữ, bại liệt, phạm pháp, có triệu chứng tâm lý. Bệnh biếng ăn và nguyên nhân, thuốc cho trẻ em và cách sử dụng, cân nặng của trẻ em và chỉ số thể lực

Đã lưu trong:
Chi tiết về thư mục
Tác giả khác: Nguyễn Khắc Viện (b.soạn), Nguyễn Duy Hòa... (Tác giả)
Định dạng: Sách
Ngôn ngữ:Vietnamese
Được phát hành: H. Phụ nữ 1987
Những chủ đề:
Các nhãn: Thêm thẻ
Không có thẻ, Là người đầu tiên thẻ bản ghi này!
Thư viện lưu trữ: Mạng thư viện Đại học Đà Nẵng
LEADER 01577nam a2200397 4500
001 000006323
003 2478
005 20110908070943.0
008 110907s1987 viesd
020 |c 6000đ 
041 0 |a vie 
082 |a 372.21  |b TIM 
245 1 0 |a Tìm hiểu trẻ em  |c Nguyễn Khắc Viện b.soạn ; Nguyễn Duy Hòa...  |n Tập 4 
260 |a H.  |b Phụ nữ  |c 1987 
300 |a 152 tr  |c 19 cm 
520 |a Phương pháp chăm dạy những trẻ em không may: mù, câm điếc và khuyết tật ngôn ngữ, bại liệt, phạm pháp, có triệu chứng tâm lý. Bệnh biếng ăn và nguyên nhân, thuốc cho trẻ em và cách sử dụng, cân nặng của trẻ em và chỉ số thể lực 
653 |a Y học 
653 |a chăm sóc trẻ em 
653 |a nhi khoa 
653 |a trẻ em phạm pháp 
653 |a trẻ em khuyết tật 
653 |a bệnh trẻ em 
700 |a Nguyễn Khắc Viện  |e b.soạn 
700 |a Nguyễn Duy Hòa...  |e Tác giả 
773 |t Tìm hiểu trẻ em  |w 2477 
910 |a Nguyễn Thi Kim Oanh  |d 07/09/2011 
OWN |a LSP 
AVA |a UDN50  |b LSP  |d 372.21 TIM  |e unavailable  |t Error 5002 Not defined in file expand_doc_bib_avail.  |f 3  |g 3  |h N  |i 0  |k 1 
999 |a From the UDN01 
AVA |a UDN50  |b LSP  |d 372.21 TIM  |e unavailable  |t Error 5002 Not defined in file expand_doc_bib_avail.  |f 3  |g 3  |h N  |i 0  |k 1 
TYP |a Monograph 
TYP |a Printed language 
980 |a Mạng thư viện Đại học Đà Nẵng